书目信息 |
| 题名: |
冶金矿山设计参考资料
|
|
| 作者: | ;《冶金矿山设计参考资料》编写组 编 | |
| 分册: | 上册 | |
| 出版信息: | 北京 冶金工业出版社 1973.09 |
|
| 页数: | 549页 | |
| 开本: | 26cm | |
| 丛书名: | ||
| 单 册: | ||
| 中图分类: | TD212 | |
| 科图分类: | ||
| 主题词: | 矿山--设计 | |
| 电子资源: | ||
| ISBN: | ||
| 000 | 00671nam0 2200205 45 | |
| 001 | 0411031176 | |
| 005 | 20041103115553.8 | |
| 010 | @b精装@dCNY4.00 | |
| 091 | @a15062.3051 | |
| 100 | @a20041103d1973 km y0chiy0120 ea | |
| 101 | 0 | @achi |
| 105 | @a z 000yy | |
| 200 | 1 | @a冶金矿山设计参考资料@h上册@AYe Jin Kuang Shan She Ji Can Kao Zi Liao@f《冶金矿山设计参考资料》编写组编@F《Ye Jin Kuang Shan She Ji Can Kao Zi Liao》Bian Xie Zu Bian |
| 210 | @a北京@c冶金工业出版社@d1973.09 | |
| 215 | @a549页@d26cm | |
| 606 | 0 | @a矿山@x设计 |
| 690 | @aTD212@v4 | |
| 711 | 02 | @a《冶金矿山设计参考资料》编写组@4编 |
| 801 | @aCN@bPftUser@c20041103 | |
| 905 | @f1@b10474@dTD212@e1:1 | |
| 冶金矿山设计参考资料.上册/《冶金矿山设计参考资料》编写组编.-北京:冶金工业出版社,1973.09 |
| 549页;26cm |
| ISBN (精装):CNY4.00 |
| ● |
| 相关链接 |
|
|
|
|
正题名:冶金矿山设计参考资料
索取号:TD212/1:1
 
预约/预借
| 序号 | 登录号 | 条形码 | 馆藏地/架位号 | 状态 | 备注 |
| 1 | 0010474 | 000559274 | 第二样本阅览室/ [索取号:TD212/1:1] | 在馆 |